[Event "XXXV Memorial Edoardo Crespi B"]
[Site "Milano ITA"]
[Date "2014.12.06"]
[Round "4"]
[White "Strada, Giorgio"]
[Black "Del Frate, Walter"]
[WhiteElo "1269"]
[BlackElo "1536"]
[Result "1-0"]
[PlyCount "124"]
[EventDate "2014.12.06"]

1. d4 d5 2. Nf3 Nf6 3. e3 c5 4. c3 Nc6 5. Bd3 Bg4 6. Nbd2 e5 7. dxe5 Nxe5 8.
Be2 Bd6 9. Nxe5 Bxe2 10. Qxe2 Bxe5 11. Qb5+ Qd7 12. Qxd7+ Nxd7 13. O-O Nf6 14.
Re1 O-O 15. e4 d4 16. Nf3 Rfe8 17. cxd4 cxd4 18. Bg5 Nd7 19. Rad1 f6 20. Bc1
Rac8 21. Nxd4 Rc4 22. Nf3 Nc5 23. Nxe5 Rxe5 24. f3 Re7 25. Be3 a6 26. Rc1 Rxc1
27. Rxc1 Nd3 28. Rc2 Ne5 29. Bf4 Nc6 30. h3 Kf7 31. a3 Rd7 32. Rd2 Rxd2 33.
Bxd2 Ke6 34. Bc3 g6 35. Kf2 f5 36. exf5+ Kxf5 37. Ke3 h5 38. g4+ hxg4 39. hxg4+
Ke6 40. Ke4 Ne7 41. f4 b5 42. Bd2 Kf6 43. Be1 Ke6 44. Ba5 Nc6 45. f5+ gxf5+ 46.
gxf5+ Kf6 47. Bc3+ Kf7 48. f6 Ke6 49. b4 Nd8 50. Ba1 Nf7 51. Bc3 Nd6+ 52. Kf4
Nc4 53. Kg5 Kf7 54. Kf5 Nxa3 55. Ke5 Nc4+ 56. Kd5 Ne3+ 57. Kc6 Ng4 58. Kb6 Nxf6
59. Bxf6 Kxf6 60. Kxa6 Ke7 61. Kxb5 Kd8 62. Ka6 Kc8 1-0

[Event "XXXV Memorial Edoardo Crespi B"]
[Site "Milano ITA"]
[Date "2014.12.06"]
[Round "4"]
[White "Torelli, Mauro"]
[Black "Staunovo, Daniele"]
[WhiteElo "1702"]
[BlackElo "1513"]
[Result "1-0"]
[PlyCount "61"]
[EventDate "2014.12.06"]

1. c4 Nf6 2. Nc3 e6 3. e4 Bb4 4. Nge2 d6 5. a3 Bxc3 6. Nxc3 Nc6 7. d4 Ne7 8. h4
c5 9. dxc5 dxc5 10. Bf4 Nc6 11. Nb5 O-O 12. Nc7 Nxe4 13. Nxa8 Qa5+ 14. Bd2 Qd8
15. Qc2 Nxd2 16. Qxd2 Nd4 17. Rd1 e5 18. Qc3 Bf5 19. Bd3 e4 20. Be2 Qxa8 21. b4
Re8 22. Qb2 Qb8 23. bxc5 Nxe2 24. Qxe2 Qf4 25. Qe3 Qxe3+ 26. fxe3 Be6 27. Rd4
f5 28. O-O Rc8 29. Rb1 Rxc5 30. Rxb7 Ra5 31. Rd8# 1-0

[Event "XXXV Memorial Edoardo Crespi B"]
[Site "Milano ITA"]
[Date "2014.12.06"]
[Round "4"]
[White "Valtemara, Mattia Angelo"]
[Black "Lunghi, Samuele"]
[WhiteElo "1444"]
[BlackElo "1496"]
[Result "1/2-1/2"]
[PlyCount "93"]
[EventDate "2014.12.06"]

1. e4 e5 2. Nf3 Nc6 3. Bc4 Bc5 4. c3 Nf6 5. d4 exd4 6. cxd4 Bb4+ 7. Bd2 Bxd2+
8. Nbxd2 d5 9. exd5 Nxd5 10. Qb3 Nce7 11. O-O O-O 12. Rfe1 Nb6 13. Bf1 Bg4 14.
Qd3 Bf5 15. Qb5 c6 16. Qe5 Nbd5 17. Bc4 Be6 18. Ng5 Ng6 19. Nxe6 Nxe5 20. Nxd8
Nxc4 21. Nxc4 Raxd8 22. Ne3 g6 23. Nxd5 Rxd5 24. Re7 Rb8 25. Rd1 c5 26. Kf1
cxd4 27. Ke2 Rd6 28. Kd3 a6 29. Ke4 Kf8 30. Re5 Rbd8 31. Kd3 R8d7 32. Rd2 Rd8
33. Re4 Rd5 34. Kc4 b5+ 35. Kb3 R8d6 36. Kc2 Rc5+ 37. Kd3 Rcd5 38. Kc2 f5 39.
Re1 Kf7 40. g3 a5 41. f4 d3+ 42. Kc3 Rc6+ 43. Kb3 a4+ 44. Ka3 Rc2 45. Red1 Rd4
46. Rxd3 Rxd3+ 47. Rxd3 1/2-1/2

[Event "XXXV Memorial Edoardo Crespi B"]
[Site "Milano ITA"]
[Date "2014.12.06"]
[Round "4"]
[White "Vece, Luigi"]
[Black "Ciuffreda, Riccardo"]
[WhiteElo "1608"]
[BlackElo "1481"]
[Result "1-0"]
[PlyCount "128"]
[EventDate "2014.12.06"]

1. e4 e5 2. Nf3 Nc6 3. Bb5 f5 4. Nc3 Nf6 5. d3 Bb4 6. exf5 d6 7. O-O Bxf5 8.
Bg5 Bxc3 9. bxc3 O-O 10. Rb1 Bg4 11. h3 Bh5 12. g4 Bg6 13. Be3 Qc8 14. Nh4 Be8
15. Nf5 Qd8 16. Ba4 Rb8 17. Qf3 Bd7 18. Rb2 a6 19. c4 g6 20. Nh6+ Kg7 21. Qg2
Qe8 22. Rfb1 b6 23. c3 e4 24. d4 Qe7 25. g5 Nh5 26. Qh2 Rf3 27. Bxc6 Bxc6 28.
d5 Bd7 29. Ng4 h6 30. c5 b5 31. Bd4+ Kh7 32. cxd6 cxd6 33. Nf6+ Nxf6 34. Bxf6
Qf8 35. h4 Re8 36. a4 Rh3 37. Qf4 Rxc3 38. axb5 Bxb5 39. Re1 Rf3 40. Qd2 Rd3
41. Qb4 Rxd5 42. Rxe4 Rd1+ 43. Kh2 Rxe4 44. Qxe4 d5 45. Qf4 h5 46. Rc2 Qe8 47.
Rc7+ Bd7 48. Qd6 Rh1+ 49. Kxh1 Qe4+ 50. Kg1 Qe1+ 51. Kg2 Qe4+ 52. f3 Qe2+ 53.
Kg3 Qe1+ 54. Kf4 Qxh4+ 55. Ke3 Qe1+ 56. Kd4 Qd2+ 57. Kc5 Qc2+ 58. Kb6 Qb3+ 59.
Ka7 Qe3+ 60. Qb6 Qe8 61. Qc5 Kg8 62. Qxd5+ Be6 63. Rg7+ Kh8 64. Re7+ Kg8 1-0

[Event "XXXV Memorial Edoardo Crespi B"]
[Site "Milano ITA"]
[Date "2014.12.06"]
[Round "4"]
[White "Versari, Marino"]
[Black "Baccarin, Stefano"]
[WhiteElo "1577"]
[BlackElo "1673"]
[Result "1-0"]
[PlyCount "113"]
[EventDate "2014.12.06"]

1. d4 Nf6 2. c4 g6 3. Nc3 Bg7 4. e4 d6 5. Nf3 O-O 6. Be2 e5 7. dxe5 dxe5 8.
Qxd8 Rxd8 9. Bg5 Re8 10. Nd5 Nxd5 11. cxd5 Nd7 12. Bc4 Nc5 13. Bb5 Bd7 14. Bxd7
Nxd7 15. Rc1 Rac8 16. O-O f5 17. exf5 gxf5 18. b3 h6 19. Bh4 e4 20. Nd2 Nb6 21.
Nc4 Nxd5 22. Na5 Nc3 23. Rc2 Rb8 24. Rd2 Re5 25. Bg3 Rxa5 26. Bxc7 b6 27. Bxb8
Nxa2 28. Rd8+ Kh7 29. Rd7 a6 30. g3 Nb4 31. Rc1 Rd5 32. Rxd5 Nxd5 33. Rd1 Nb4
34. Rd7 Kg8 35. Bc7 b5 36. Ba5 Nc6 37. Bd2 Nd4 38. h4 Nf3+ 39. Kg2 Kf8 40. Bf4
Ne1+ 41. Kf1 Nd3 42. Bd6+ Kg8 43. Rd8+ Kf7 44. Ra8 Bd4 45. Rxa6 Nxf2 46. Ra5
Nd1 47. Rxb5 Ne3+ 48. Ke2 Ke6 49. Bf4 Nd5 50. Rb7 Nc3+ 51. Ke1 e3 52. Rb8 e2
53. Bd2 Kd5 54. Bxc3 Bxc3+ 55. Kxe2 Ke5 56. b4 Bd4 57. Kf3 1-0

[Event "XXXV Memorial Edoardo Crespi B"]
[Site "Milano ITA"]
[Date "2014.12.06"]
[Round "4"]
[White "Viotti, Alberto"]
[Black "Figini, Vittorio"]
[WhiteElo "1583"]
[BlackElo "1477"]
[Result "1-0"]
[PlyCount "91"]
[EventDate "2014.12.06"]

1. d4 Nf6 2. Nf3 e6 3. Bg5 Be7 4. e3 Nc6 5. Bd3 a6 6. O-O b5 7. c3 Bb7 8. Nbd2
O-O 9. Re1 Nd5 10. Ne4 d6 11. Bxe7 Ncxe7 12. Neg5 Nf6 13. Qc2 Ng6 14. Bxg6 fxg6
15. Nxe6 Qe7 16. Nxf8 Bxf3 17. gxf3 Rxf8 18. f4 Qd7 19. Qe2 Qh3 20. Qf1 Qh4 21.
Qg2 d5 22. Qg3 Qh5 23. f3 h6 24. Rf1 Re8 25. Rae1 Qf5 26. Qf2 g5 27. fxg5 hxg5
28. e4 dxe4 29. fxe4 Qd7 30. e5 Nd5 31. Qf5 Qc6 32. Qxg5 Re6 33. Qd8+ Kh7 34.
Qh4+ Rh6 35. Qe4+ Kg8 36. Re2 Qe6 37. Rg2 c6 38. Qf3 Rg6 39. Kh1 Rxg2 40. Kxg2
Qg6+ 41. Kh1 Qg5 42. Rg1 Qh6 43. Qg3 Nf4 44. Qg5 Kf7 45. Qxh6 gxh6 46. Rf1 1-0

[Event "XXXV Memorial Edoardo Crespi B"]
[Site "Milano ITA"]
[Date "2014.12.07"]
[Round "5"]
[White "Baccarin, Stefano"]
[Black "Nikonov, Maxim"]
[WhiteElo "1673"]
[BlackElo "1449"]
[Result "1-0"]
[PlyCount "61"]
[EventDate "2014.12.06"]

1. e4 c6 2. d4 d5 3. exd5 cxd5 4. c4 Nf6 5. Nc3 Nc6 6. Nf3 Bg4 7. Be2 e6 8. Qb3
Bxf3 9. Qxb7 Nxd4 10. gxf3 Nc2+ 11. Kf1 Nxa1 12. cxd5 exd5 13. Bb5+ Nd7 14.
Bxd7+ Qxd7 15. Qxa8+ Qd8 16. Qxa7 d4 17. Ne4 Be7 18. Qa4+ Kf8 19. Qd1 d3 20.
Bd2 Nc2 21. Bc3 h5 22. Rg1 f6 23. Ng3 Qd7 24. f4 h4 25. Ne4 Qh3+ 26. Rg2 Kf7
27. Qg4 Qxg4 28. Rxg4 Bb4 29. Bxb4 Nxb4 30. a3 Nc2 31. Nd2 {...} 1-0

[Event "XXXV Memorial Edoardo Crespi B"]
[Site "Milano ITA"]
[Date "2014.12.07"]
[Round "5"]
[White "Biffi, Roberto"]
[Black "Delle Fave, Fabio"]
[WhiteElo "1645"]
[BlackElo "1782"]
[Result "0-1"]
[PlyCount "108"]
[EventDate "2014.12.06"]

1. d4 Nf6 2. c4 e6 3. Nc3 Bb4 4. e3 O-O 5. Nge2 b6 6. a3 Be7 7. e4 d6 8. Ng3
Nbd7 9. Be2 Bb7 10. O-O c5 11. d5 exd5 12. cxd5 Ne5 13. Bf4 Nfd7 14. Nf5 a6 15.
Bg4 g6 16. Nxe7+ Qxe7 17. Bxd7 Nxd7 18. Qg4 f6 19. Qe6+ Qxe6 20. dxe6 Ne5 21.
Nd5 Bxd5 22. exd5 Rfe8 23. Bg3 Rad8 24. Bxe5 dxe5 25. Rad1 Rd6 26. f3 Red8 27.
f4 exf4 28. e7 Re8 29. Rfe1 Kf7 30. Kf2 Rxe7 31. Rxe7+ Kxe7 32. Kf3 f5 33. Kxf4
Kf6 34. h4 h6 35. g4 g5+ 36. hxg5+ hxg5+ 37. Kf3 b5 38. Rd2 a5 39. b3 fxg4+ 40.
Ke4 g3 41. Rd3 g2 42. Rf3+ Ke7 43. Rg3 Rg6 44. Rxg2 Kd6 45. Kf5 Rg8 46. Ke4 g4
47. Rg3 Rg5 48. Kf4 Rg8 49. Ke4 Rg7 50. Kf4 Kxd5 51. Rd3+ Kc6 52. Kg3 c4 53.
bxc4 bxc4 54. Rc3 Kd5 0-1

[Event "XXXV Memorial Edoardo Crespi B"]
[Site "Milano ITA"]
[Date "2014.12.07"]
[Round "5"]
[White "Cagnotto, Marco"]
[Black "Torelli, Mauro"]
[WhiteElo "1560"]
[BlackElo "1702"]
[Result "1-0"]
[PlyCount "67"]
[EventDate "2014.12.06"]

1. e4 e6 2. d4 d5 3. e5 c5 4. c3 Nc6 5. Nf3 Bd7 6. Be2 Nge7 7. dxc5 Ng6 8. b4
Ncxe5 9. Nxe5 Nxe5 10. Bf4 Ng6 11. Bg3 a5 12. a3 Nh4 13. O-O Nf5 14. Bf4 Be7
15. Bg4 Bg5 16. Qd2 Bxf4 17. Qxf4 Nh6 18. Bh3 O-O 19. Re1 f5 20. g3 Rf6 21. Qd4
Nf7 22. f4 Qc7 23. Nd2 Rg6 24. Nf3 Ra6 25. c4 dxc4 26. Qxc4 Nd6 27. Qd3 Ne4 28.
Ne5 Nxc5 29. bxc5 Qxc5+ 30. Qe3 Qxe3+ 31. Rxe3 Rh6 32. Rd3 Rxh3 33. Rxd7 g6 34.
Rc1 1-0

[Event "XXXV Memorial Edoardo Crespi B"]
[Site "Milano ITA"]
[Date "2014.12.07"]
[Round "5"]
[White "Calabrese, Maurizio"]
[Black "Rigotti, Gianluigi"]
[WhiteElo "1477"]
[BlackElo "1564"]
[Result "0-1"]
[PlyCount "34"]
[EventDate "2014.12.06"]

1. e4 e5 2. Nf3 Nc6 3. Bb5 a6 4. Ba4 Nf6 5. O-O Be7 6. Re1 b5 7. Bb3 d6 8. c3
O-O 9. d4 exd4 10. cxd4 Bg4 11. Nbd2 Nxd4 12. e5 dxe5 13. Rxe5 Bb4 14. a3 Bxd2
15. Bxd2 Bxf3 16. gxf3 Nxb3 17. Qxb3 Qxd2 0-1

[Event "XXXV Memorial Edoardo Crespi B"]
[Site "Milano ITA"]
[Date "2014.12.07"]
[Round "5"]
[White "Carli, Federico"]
[Black "Pili, Giangiuseppe"]
[WhiteElo "1671"]
[BlackElo "1678"]
[Result "1/2-1/2"]
[PlyCount "74"]
[EventDate "2014.12.06"]

1. e4 c6 2. d4 d5 3. Nc3 dxe4 4. Nxe4 Nd7 5. Nf3 Ngf6 6. Nxf6+ Nxf6 7. Bc4 Bf5
8. O-O e6 9. c3 Be7 10. h3 O-O 11. Bf4 b5 12. Bd3 Bxd3 13. Qxd3 Nd5 14. Bh2 Qb6
15. Rfe1 c5 16. Be5 b4 17. c4 Nf6 18. Ng5 g6 19. dxc5 Qxc5 20. Bxf6 Bxf6 21.
Ne4 Qe7 22. Nxf6+ Qxf6 23. b3 Rfd8 24. Qc2 Rd7 25. Rad1 Rad8 26. Rxd7 Rxd7 27.
Qe4 Qb2 28. Re2 Qc1+ 29. Kh2 Rd1 30. Qe3 Qxe3 31. fxe3 Kg7 32. g4 f5 33. g5 e5
34. Kg2 Kf7 35. Rc2 Ke7 36. Kf3 Kd7 37. Rh2 Rf1+ 1/2-1/2

[Event "XXXV Memorial Edoardo Crespi B"]
[Site "Milano ITA"]
[Date "2014.12.07"]
[Round "5"]
[White "Casamassima, Paolo"]
[Black "Viotti, Alberto"]
[WhiteElo "1709"]
[BlackElo "1583"]
[Result "1-0"]
[PlyCount "73"]
[EventDate "2014.12.06"]

1. d4 Nf6 2. c4 e6 3. Nf3 b6 4. g3 Bb7 5. Bg2 Bb4+ 6. Bd2 Bxd2+ 7. Nbxd2 O-O 8.
O-O d6 9. Re1 d5 10. Ne5 Nbd7 11. Nxd7 Qxd7 12. Rc1 c6 13. Nf3 Rac8 14. Ne5 Qe7
15. c5 bxc5 16. Rxc5 Nd7 17. Nxd7 Qxd7 18. e4 dxe4 19. Rxe4 Rfd8 20. Qb3 Rb8
21. Qc3 Ba8 22. b4 Rb5 23. Rf4 Rxc5 24. bxc5 Rb8 25. h4 Qb7 26. Kh2 Qb5 27. Qc2
Qb2 28. Qa4 Qb7 29. Be4 Qd7 30. h5 Rd8 31. Bg2 Rb8 32. Qc2 Qe7 33. Qe2 Qd7 34.
Qe5 Qe8 35. Qc7 Rb7 36. Qa5 Qb8 37. Bxc6 1-0

[Event "XXXV Memorial Edoardo Crespi B"]
[Site "Milano ITA"]
[Date "2014.12.07"]
[Round "5"]
[White "Cerutti, Fabio Maria"]
[Black "Pavlidis, Pavlos"]
[WhiteElo "1659"]
[BlackElo "1626"]
[Result "1/2-1/2"]
[PlyCount "79"]
[EventDate "2014.12.06"]

1. e4 c5 2. Nc3 e6 3. g3 Nc6 4. Bg2 Nf6 5. d3 Be7 6. Nge2 d5 7. exd5 exd5 8. h3
O-O 9. O-O d4 10. Nb5 a6 11. Na3 Ne5 12. Re1 Bd6 13. Kh2 Qc7 14. Bf4 Be6 15.
Bxe5 Bxe5 16. Ng1 h6 17. Nf3 Bd6 18. Nc4 Bxc4 19. dxc4 Rfe8 20. Qd3 Qb6 21. b3
Qa5 22. a4 Qc7 23. Rad1 Rad8 24. Kg1 Nd7 25. c3 Ne5 26. Nxe5 Bxe5 27. cxd4 Bxd4
28. Rxe8+ Rxe8 29. Bd5 b6 30. Qf3 Re7 31. Kf1 Qe5 32. h4 a5 33. Qd3 Qf6 34. Qc2
Qe5 35. Qd3 Kf8 36. Rc1 Qf6 37. Qf3 Qxf3 38. Bxf3 Re5 39. Bd5 Rf5 40. f3
1/2-1/2

[Event "XXXV Memorial Edoardo Crespi B"]
[Site "Milano ITA"]
[Date "2014.12.07"]
[Round "5"]
[White "Ciuffreda, Riccardo"]
[Black "Costanza, Calogero"]
[WhiteElo "1481"]
[BlackElo "1579"]
[Result "1-0"]
[PlyCount "145"]
[EventDate "2014.12.06"]

1. e4 Nc6 2. Nc3 e6 3. Bc4 Nf6 4. d3 Be7 5. Nf3 d6 6. O-O Bd7 7. Bf4 O-O 8. Re1
e5 9. Be3 Bg4 10. h3 Bh5 11. Qe2 Qd7 12. Nd5 Nd8 13. Bg5 Nxd5 14. g4 Bxg5 15.
Bxd5 Bxg4 16. hxg4 Qxg4+ 17. Kh1 Bf4 18. Nh2 Qh3 19. f3 c6 20. Bb3 Ne6 21. Rg1
Nd4 22. Qg2 Qh6 23. Rgf1 Rad8 24. c3 Ne6 25. Kg1 Ng5 26. Ng4 Qh5 27. Kf2 Qh4+
28. Ke2 d5 29. Rh1 Qg3 30. Qxg3 Bxg3 31. Rag1 Bf4 32. Nxe5 Bxe5 33. Rxg5 f6 34.
Rgh5 h6 35. exd5 cxd5 36. d4 Bf4 37. Bxd5+ Kh8 38. Bxb7 Rb8 39. Rb5 Rfe8+ 40.
Kf2 Re7 41. Bc6 Rxb5 42. Bxb5 Rb7 43. a4 a6 44. Bxa6 Rxb2+ 45. Kf1 Be3 46. Rh4
f5 47. Bd3 g6 48. f4 Kg7 49. d5 h5 50. Bb5 Kf6 51. c4 Ke7 52. Bc6 Kd6 53. Be8
g5 54. fxg5 Bxg5 55. Rxh5 Be3 56. Rxf5 Bd4 57. Bb5 Kc5 58. d6+ Kb4 59. d7 Bb6
60. Rd5 Rf2+ 61. Ke1 Rf8 62. c5 Ba5 63. Ke2 Rd8 64. c6 Bc7 65. Kd3 Ka5 66. Ke4
Kb6 67. Kf5 Bg3 68. Ke6 Kc7 69. a5 Rh8 70. a6 Ra8 71. a7 Kd8 72. Rg5 Bh4 73.
Rg8+ 1-0

[Event "XXXV Memorial Edoardo Crespi B"]
[Site "Milano ITA"]
[Date "2014.12.07"]
[Round "5"]
[White "Colica, Daniele"]
[Black "Brisotto, Stefano"]
[WhiteElo "1705"]
[BlackElo "1472"]
[Result "1-0"]
[PlyCount "63"]
[EventDate "2014.12.06"]

1. Nf3 c5 2. b3 Nf6 3. Bb2 Nc6 4. e3 d6 5. d4 cxd4 6. exd4 d5 7. Nbd2 Bf5 8.
Bb5 a6 9. Bxc6+ bxc6 10. Ne5 Rc8 11. Qf3 Bxc2 12. Rc1 Be4 13. Nxe4 dxe4 14. Qf4
Qa5+ 15. Bc3 Qxa2 16. O-O Qxb3 17. Ba1 Qd5 18. Nxc6 e6 19. Ne7 Bxe7 20. Rxc8+
Bd8 21. Rfc1 O-O 22. Qd2 Ng4 23. R1c5 Qd6 24. g3 Bb6 25. Rxf8+ Kxf8 26. Rc8+
Ke7 27. Bc3 Qd5 28. Bb4+ Kd7 29. Qc3 e5 30. Rb8 Qc6 31. Qb3 Qf6 32. Qd5+ 1-0

[Event "XXXV Memorial Edoardo Crespi B"]
[Site "Milano ITA"]
[Date "2014.12.07"]
[Round "5"]
[White "Del Frate, Walter"]
[Black "Valtemara, Mattia Angelo"]
[WhiteElo "1536"]
[BlackElo "1444"]
[Result "0-1"]
[PlyCount "34"]
[EventDate "2014.12.06"]

1. e4 e5 2. Nf3 Nc6 3. Bc4 Bc5 4. c3 Nf6 5. d4 exd4 6. cxd4 Bb4+ 7. Nc3 Nxe4 8.
O-O Bxc3 9. d5 Ne5 10. Nxe5 Bxe5 11. Re1 Bxh2+ 12. Kf1 Qh4 13. Qe2 f5 14. d6
Bg3 15. Qf3 Bxf2 16. Qxf5 Qh1+ 17. Ke2 Qxe1+ 0-1

[Event "XXXV Memorial Edoardo Crespi B"]
[Site "Milano ITA"]
[Date "2014.12.07"]
[Round "5"]
[White "Esposito, Giuseppe"]
[Black "Aloe, Giancarlo"]
[WhiteElo "1718"]
[BlackElo "1631"]
[Result "1-0"]
[PlyCount "61"]
[EventDate "2014.12.06"]

1. e4 c5 2. Nf3 e6 3. d4 cxd4 4. Nxd4 Nc6 5. Nc3 a6 6. Be3 Nf6 7. a3 Be7 8. f4
d5 9. e5 Nd7 10. Qh5 Nxd4 11. Bxd4 g6 12. Qf3 b5 13. g4 Bb7 14. O-O-O b4 15.
axb4 Bxb4 16. f5 Qc7 17. Bg2 Nxe5 18. Qe2 Bd6 19. fxe6 O-O 20. exf7+ Nxf7 21.
Nxd5 Bxd5 22. Bxd5 Rac8 23. Bc3 Bf4+ 24. Kb1 Rb8 25. Rd3 Rbe8 26. Qf2 Be5 27.
Bb4 Bd6 28. Bxd6 Qxd6 29. Bxf7+ Rxf7 30. Qxf7+ Kxf7 31. Rxd6 1-0

[Event "XXXV Memorial Edoardo Crespi B"]
[Site "Milano ITA"]
[Date "2014.12.07"]
[Round "5"]
[White "Figini, Vittorio"]
[Black "Pirovano, Ezio"]
[WhiteElo "1477"]
[BlackElo "1528"]
[Result "1/2-1/2"]
[PlyCount "79"]
[EventDate "2014.12.06"]

1. e4 e5 2. Nf3 Nc6 3. Bb5 a6 4. Ba4 Nf6 5. O-O Be7 6. Re1 b5 7. Bb3 d6 8. c3
O-O 9. d4 Bg4 10. h3 Bxf3 11. Qxf3 exd4 12. Bc2 dxc3 13. Nxc3 Nd4 14. Qd3 Nxc2
15. Qxc2 c6 16. Bg5 Re8 17. Rad1 Qc7 18. f3 Nh5 19. Nd5 Qa7+ 20. Be3 Qb7 21.
Nxe7+ Rxe7 22. Kh2 Qc7 23. Qf2 Rae8 24. Kg1 Re6 25. g4 Nf6 26. Bf4 Qd7 27. Re2
Qd8 28. Red2 d5 29. Bg5 h6 30. exd5 cxd5 31. Bxf6 Qxf6 32. Kg2 Qe7 33. Qd4 Re2+
34. Kg3 Qe5+ 35. Qxe5 R8xe5 36. Rxd5 Rxd5 37. Rxd5 Rxb2 38. Rd8+ Kh7 39. Rd7
Kg6 40. Rd6+ 1/2-1/2

[Event "XXXV Memorial Edoardo Crespi B"]
[Site "Milano ITA"]
[Date "2014.12.07"]
[Round "5"]
[White "Forti, Francesco"]
[Black "Galliani, William"]
[WhiteElo "1576"]
[BlackElo "1589"]
[Result "0-1"]
[PlyCount "36"]
[EventDate "2014.12.06"]

1. e4 e5 2. Nf3 Nc6 3. Bc4 Nf6 4. d3 h6 5. c3 Be7 6. Bb3 d6 7. Nbd2 Na5 8. Ba4+
c6 9. b4 b5 10. bxa5 bxa4 11. Qxa4 Bd7 12. a6 Rb8 13. O-O Qc7 14. Ba3 O-O 15.
d4 c5 16. Qc4 Bb5 17. Qb3 Bxf1 18. Qc2 Bxa6 0-1

[Event "XXXV Memorial Edoardo Crespi B"]
[Site "Milano ITA"]
[Date "2014.12.07"]
[Round "5"]
[White "Frignani, Alessandro"]
[Black "Vece, Luigi"]
[WhiteElo "1389"]
[BlackElo "1608"]
[Result "0-1"]
[PlyCount "60"]
[EventDate "2014.12.06"]

1. e4 c5 2. f4 Nc6 3. Nf3 d6 4. h3 e6 5. b3 Nf6 6. d3 Be7 7. Bb2 O-O 8. Nc3 d5
9. e5 Ne8 10. g3 b6 11. d4 Bd7 12. Qd2 a6 13. Be2 Qc7 14. Qe3 cxd4 15. Nxd4 Bc5
16. Na4 Nb4 17. Qc3 Bxa4 18. bxa4 Nc6 19. Nxc6 Qxc6 20. Qb3 Nc7 21. Bf3 Rfd8
22. O-O-O Bf2 23. g4 Rab8 24. Bd4 Bxd4 25. Rxd4 Qc5 26. Rhd1 Rdc8 27. R1d3 Na8
28. Kd2 Rc7 29. a3 Rbc8 30. h4 Qxc2+ 0-1

[Event "XXXV Memorial Edoardo Crespi B"]
[Site "Milano ITA"]
[Date "2014.12.07"]
[Round "5"]
[White "Grandi, Jessica"]
[Black "Palvarini, Mario"]
[WhiteElo "1512"]
[BlackElo "1479"]
[Result "0-1"]
[PlyCount "54"]
[EventDate "2014.12.06"]

1. e4 e5 2. Nf3 Nc6 3. d3 Bc5 4. Nc3 h6 5. Bd2 Nf6 6. h3 d6 7. Be2 Be6 8. Na4
Bb6 9. Nxb6 axb6 10. a3 O-O 11. Bc3 Nd7 12. d4 exd4 13. Nxd4 Nxd4 14. Bxd4 f5
15. exf5 Bxf5 16. Bc4+ Kh8 17. O-O Qg5 18. Qf3 c5 19. Be3 Qg6 20. Qg3 Qxg3 21.
fxg3 Bxc2 22. Rac1 Rxf1+ 23. Rxf1 Nf6 24. Bxh6 d5 25. Bg5 Ne4 26. Rc1 dxc4 27.
Rxc2 Nxg5 0-1

[Event "XXXV Memorial Edoardo Crespi B"]
[Site "Milano ITA"]
[Date "2014.12.07"]
[Round "5"]
[White "Izzo, Riccardo"]
[Black "Strada, Giorgio"]
[WhiteElo "1647"]
[BlackElo "1269"]
[Result "1-0"]
[PlyCount "67"]
[EventDate "2014.12.06"]

1. d4 d5 2. c4 c6 3. Nc3 e6 4. cxd5 cxd5 5. Nf3 Nf6 6. Bg5 Nbd7 7. e3 Be7 8.
Bb5 O-O 9. O-O h6 10. Bh4 Nb6 11. Rc1 Bd7 12. Be2 a6 13. Ne5 Ne4 14. Bxe7 Qxe7
15. Nxe4 dxe4 16. Qb3 Nd5 17. Qxb7 Bb5 18. Qxe7 Nxe7 19. Bxb5 axb5 20. a3 f6
21. Nd7 Rfc8 22. Nc5 Rc6 23. Nxe4 Rac8 24. Rxc6 Rxc6 25. Nc5 e5 26. Rc1 exd4
27. exd4 Nf5 28. b4 Kf7 29. d5 Rd6 30. Ne4 Rd7 31. Nc3 Ke7 32. Nxb5 Nd6 33.
Nxd6 Kxd6 34. Kf1 1-0

[Event "XXXV Memorial Edoardo Crespi B"]
[Site "Milano ITA"]
[Date "2014.12.07"]
[Round "5"]
[White "Lamperti, Gianloris"]
[Black "Invernizzi, Ferruccio"]
[WhiteElo "1700"]
[BlackElo "1598"]
[Result "1-0"]
[PlyCount "29"]
[EventDate "2014.12.06"]

1. d4 d6 2. c4 e5 3. e3 exd4 4. exd4 Nf6 5. Nf3 Bg4 6. Nc3 Nc6 7. Be2 Qe7 8.
O-O O-O-O 9. Re1 Kb8 10. a3 g6 11. h3 Bxf3 12. Bxf3 Qd7 13. Bg5 Bg7 14. Bxf6
Bxf6 15. Bg4 1-0

[Event "XXXV Memorial Edoardo Crespi B"]
[Site "Milano ITA"]
[Date "2014.12.07"]
[Round "5"]
[White "Libutti, Michele"]
[Black "Versari, Marino"]
[WhiteElo "1764"]
[BlackElo "1577"]
[Result "1/2-1/2"]
[PlyCount "126"]
[EventDate "2014.12.06"]

1. d4 d5 2. c4 e6 3. Nc3 Nf6 4. Bg5 Nbd7 5. Nf3 Be7 6. e3 O-O 7. Bd3 c5 8. cxd5
exd5 9. Rc1 c4 10. Bb1 h6 11. Bh4 b6 12. O-O Bb7 13. Re1 Re8 14. Nd2 a6 15. e4
dxe4 16. Ndxe4 Nh7 17. Bxe7 Rxe7 18. Qe2 Kf8 19. Qxc4 Rc8 20. Qd3 Bxe4 21. Nxe4
Rxc1 22. Rxc1 b5 23. Kf1 Nhf6 24. Nd6 Nb6 25. Nf5 Rd7 26. Qa3+ Kg8 27. Qg3 Qf8
28. Nxh6+ Kh8 29. Nf5 g6 30. Qh4+ Nh7 31. Ne3 Qb4 32. Qg3 Qxb2 33. Rd1 Nc4 34.
Nxc4 bxc4 35. Qe5+ Kg8 36. Qe8+ Nf8 37. Qe3 c3 38. Qe2 Qb4 39. Qe4 Qc4+ 40. Qd3
Qc8 41. Bc2 Ne6 42. d5 Nf4 43. Qe4 Nh5 44. Qe5 Ng7 45. Rd3 Qc4 46. Qxc3 Qxc3
47. Rxc3 Rxd5 48. Rc8+ Kh7 49. Bb3 Rf5 50. Rc7 Kg8 51. Rc6 a5 52. Rxg6 Kf8 53.
h4 fxg6 54. g4 Rf4 55. Bd1 Rd4 56. Ke2 Ke7 57. f3 Kd6 58. Bc2 Ke5 59. Bxg6 Kf4
60. h5 Kg5 61. Ke3 Ra4 62. Bf7 Rf4 63. Bd5 Rb4 1/2-1/2

[Event "XXXV Memorial Edoardo Crespi B"]
[Site "Milano ITA"]
[Date "2014.12.07"]
[Round "5"]
[White "Lunghi, Samuele"]
[Black "Benedetti, Mario"]
[WhiteElo "1496"]
[BlackElo "1348"]
[Result "1-0"]
[PlyCount "85"]
[EventDate "2014.12.06"]

1. e4 c5 2. Nf3 Nc6 3. d4 cxd4 4. Nxd4 d6 5. Nc3 Nf6 6. Bb5 Bd7 7. O-O a6 8.
Bxc6 bxc6 9. Kh1 e5 10. Nb3 Be7 11. Qe2 O-O 12. Bg5 a5 13. Rad1 Bc8 14. f3 Ba6
15. Qf2 Bxf1 16. Qxf1 a4 17. Nc1 a3 18. b3 Ne8 19. Bxe7 Qxe7 20. Qd3 Qc7 21.
N1e2 Nf6 22. Qxd6 Qxd6 23. Rxd6 Rac8 24. Rd1 Rfd8 25. Rc1 Nh5 26. g3 Rd6 27.
Kg2 Rd2 28. Kf2 Rcd8 29. Ke1 R2d6 30. Kf2 g6 31. Ke3 Ng7 32. Kf2 f5 33. Ke1 Ne6
34. Ra1 Ng5 35. Kf2 Rf6 36. Kg2 Rd2 37. h4 Ne6 38. Rc1 Nd4 39. Kf2 fxe4 40. Ke3
Nxf3 41. Nxe4 Rf8 42. Nxd2 e4 43. Rf1 1-0

[Event "XXXV Memorial Edoardo Crespi B"]
[Site "Milano ITA"]
[Date "2014.12.07"]
[Round "5"]
[White "Luscenkovs, Artjoms"]
[Black "Rizzi, Domenico"]
[WhiteElo "1712"]
[BlackElo "1624"]
[Result "1-0"]
[PlyCount "51"]
[EventDate "2014.12.06"]

1. d4 d5 2. Nf3 Nf6 3. c4 e6 4. Nc3 a6 5. Bg5 Be7 6. e3 O-O 7. a3 c6 8. Rc1
Nbd7 9. Qc2 dxc4 10. Bxc4 Nd5 11. Bxe7 Qxe7 12. O-O h6 13. Ne4 f5 14. Ned2 b5
15. Ba2 Bb7 16. Bb1 g5 17. e4 Nf4 18. Rfe1 g4 19. Ne5 Nxe5 20. dxe5 Qg5 21.
exf5 Nh3+ 22. Kf1 Nxf2 23. Kxf2 Rxf5+ 24. Kg1 Raf8 25. Ne4 Rf4 26. Nf6+ 1-0

[Event "XXXV Memorial Edoardo Crespi B"]
[Site "Milano ITA"]
[Date "2014.12.07"]
[Round "5"]
[White "Maccari, Piergiuseppe"]
[Black "Ragoso, Mario"]
[WhiteElo "1714"]
[BlackElo "1626"]
[Result "1-0"]
[PlyCount "31"]
[EventDate "2014.12.06"]

1. Nf3 Nf6 2. g3 d5 3. Bg2 c5 4. O-O Nc6 5. d4 e6 6. c4 Be7 7. Nc3 cxd4 8. Nxd4
Nxd4 9. Qxd4 dxc4 10. Qxc4 O-O 11. Rd1 Qb6 12. Be3 Qa5 13. a3 Qf5 14. Qc7 Re8
15. Rac1 Ng4 16. Qxe7 1-0